Statistics for 2018 Premier League of Darts

Click here to take the quiz!

General Stats

  • This quiz has been taken 44 times
  • The average score is 10 of 10

Answer Stats

CountryPlayer% Correct
ScotlandGary Anderson
100%
NetherlandsMichael van Gerwen
100%
AustraliaSimon Whitlock
100%
WalesGerwyn Price
97%
ScotlandPeter Wright
97%
Northern IrelandDaryl Gurney
95%
NetherlandsRaymond van Barneveld
95%
AustriaMensur Suljovic
92%
EnglandRob Cross
89%
EnglandMichael Smith
84%

Score Distribution

Percentile by Number Answered

Percent of People with Each Score

Your Score History

You have not taken this quiz